|
|
|
|
| LEADER |
00000cam a2200000 c 4500 |
| 001 |
1606799932 |
| 003 |
DE-627 |
| 005 |
20260119140958.0 |
| 007 |
tu |
| 008 |
960611s1995 xx ||||| 00| ||und c |
| 016 |
7 |
|
|a b9562367
|2 UK
|
| 020 |
|
|
|a 081332002X
|9 0-8133-2002-X
|
| 020 |
|
|
|a 0813320038
|9 0-8133-2003-8
|
| 035 |
|
|
|a (DE-627)1606799932
|
| 035 |
|
|
|a (DE-576)052421198
|
| 035 |
|
|
|a (DE-599)BSZ052421198
|
| 035 |
|
|
|a (OCoLC)243839708
|
| 035 |
|
|
|a (DE-604)8108702219
|
| 040 |
|
|
|a DE-627
|b ger
|c DE-627
|e rakwb
|
| 082 |
0 |
|
|a 347.304419
|
| 082 |
0 |
|
|a 344.73/0419
|
| 082 |
0 |
|
|a 176
|
| 245 |
0 |
0 |
|a Expecting trouble
|b surrogacy, fetal abuse, & new reproductive technologies
|c edited by Patricia Boling ; with a Foreword by Nancy Hartsock
|
| 263 |
|
|
|a Gewebe : No price ; kart. : No price
|
| 264 |
|
1 |
|a Boulder [u.a.]
|b Westview Pr.
|c 1995
|
| 300 |
|
|
|a IX, 214 Seiten
|
| 336 |
|
|
|a Text
|b txt
|2 rdacontent
|
| 337 |
|
|
|a ohne Hilfsmittel zu benutzen
|b n
|2 rdamedia
|
| 338 |
|
|
|a Band
|b nc
|2 rdacarrier
|
| 500 |
|
|
|a Includes bibliographies and index
|
| 583 |
1 |
|
|a Archivierung prüfen
|c 20200919
|f DE-640
|z 2
|2 pdager
|
| 650 |
|
4 |
|a Human reproduction
|x Law and legislation
|x United States
|
| 650 |
|
4 |
|a Human reproductive technology
|x Law and legislation
|x United States
|
| 650 |
|
4 |
|a Fetus
|x Legal status, laws, etc.
|x United States
|
| 650 |
|
4 |
|a Surrogate Mothers
|x Legal status, laws, etc
|x United States
|
| 650 |
|
4 |
|a Human reproductive technology
|x Social aspects
|x United States
|
| 650 |
|
4 |
|a Women
|x Legal status, laws, etc.
|x United States
|
| 650 |
|
4 |
|a Humans
|x Reproduction
|x Law
|
| 655 |
|
7 |
|a Aufsatzsammlung
|0 (DE-588)4143413-4
|0 (DE-627)105605727
|0 (DE-576)209726091
|2 gnd-content
|
| 689 |
0 |
0 |
|d s
|0 (DE-588)4113430-8
|0 (DE-627)105829536
|0 (DE-576)209476427
|a Embryotransfer
|2 gnd
|
| 689 |
0 |
1 |
|d s
|0 (DE-588)4015602-3
|0 (DE-627)106335987
|0 (DE-576)208912614
|a Ethik
|2 gnd
|
| 689 |
0 |
|
|5 (DE-627)
|
| 689 |
1 |
0 |
|d s
|0 (DE-588)4016957-1
|0 (DE-627)104791683
|0 (DE-576)208917861
|a Fetus
|2 gnd
|
| 689 |
1 |
1 |
|d s
|0 (DE-588)4045245-1
|0 (DE-627)106202413
|0 (DE-576)209064439
|a Persönlichkeitsrecht
|2 gnd
|
| 689 |
1 |
|
|5 (DE-627)
|
| 700 |
1 |
|
|a Boling, Patricia
|e Hrsg.
|0 (DE-588)171734920
|0 (DE-627)061973262
|0 (DE-576)175450463
|4 edt
|
| 856 |
4 |
2 |
|u https://digitale-objekte.hbz-nrw.de/storage/2005/12/24/file_492/778461.pdf
|m V:DE-605
|m X:migimw
|q application/pdf
|v 2025-07-00
|3 Inhaltsverzeichnis
|7 1
|
| 935 |
|
|
|a mkri
|
| 951 |
|
|
|a BO
|
| ELC |
|
|
|b 1
|
| LOK |
|
|
|0 000 xxxxxcx a22 zn 4500
|
| LOK |
|
|
|0 001 3123556999
|
| LOK |
|
|
|0 003 DE-627
|
| LOK |
|
|
|0 004 1606799932
|
| LOK |
|
|
|0 005 20150114145105
|
| LOK |
|
|
|0 008 150114||||||||||||||||ger|||||||
|
| LOK |
|
|
|0 040
|a DE-21-121
|c DE-627
|d DE-21-121
|
| LOK |
|
|
|0 541
|e 1996/4696
|
| LOK |
|
|
|0 689
|a s
|a Reproduktionsmedizin
|
| LOK |
|
|
|0 689
|a s
|a Schwangerschaft
|
| LOK |
|
|
|0 689
|a s
|a Leihmutterschaft
|
| LOK |
|
|
|0 689
|a s
|a Embryonenschutz
|
| LOK |
|
|
|0 689
|a s
|a Geschlechterdifferenz
|
| LOK |
|
|
|0 852
|a DE-21-121
|
| LOK |
|
|
|0 852 1
|c medP B.1. 63
|m p
|9 00
|
| LOK |
|
|
|0 866
|x Bibdia: 15925
|
| LOK |
|
|
|0 935
|a k121
|a i121
|
| LOK |
|
|
|0 938
|k p
|
| LOK |
|
|
|0 939
|a 14-01-15
|b l01
|
| LOK |
|
|
|0 000 xxxxxcx a22 zn 4500
|
| LOK |
|
|
|0 001 3123557049
|
| LOK |
|
|
|0 003 DE-627
|
| LOK |
|
|
|0 004 1606799932
|
| LOK |
|
|
|0 005 19961111000000
|
| LOK |
|
|
|0 008 960611||||||||||||||||ger|||||||
|
| LOK |
|
|
|0 040
|a DE-Frei85
|c DE-627
|d DE-Frei85
|
| LOK |
|
|
|0 852
|a DE-Frei85
|
| LOK |
|
|
|0 852 1
|m p
|9 00
|
| LOK |
|
|
|0 938
|k p
|
| LOK |
|
|
|0 939
|a 11-06-96
|b l01
|
| ORI |
|
|
|a SA-MARC-krimdoka001.raw
|